MARC

LEADER 00000nam0a2200000 4500
001 24540
005 20231030200241.0
010 |a 5894950198 
035 |a (RuTPU)RU\TPU\book\24769 
035 |a BOOK00024842 
090 |a 24540 
100 |a 20011209d1999 m y0rusy50 ca 
101 0 |a rus 
102 |a RU 
105 |a y j 001zy 
200 1 |a Руководство по определению показателей качества воды полевыми методами  |f А. Г. Муравьев 
205 |a 2-е изд. 
210 |a Санкт-Петербург  |c Крисмас  |d 1999 
215 |a 229 с. 
320 |a Алф. указ.: с. 228-229. 
610 1 |a питьевая вода 
610 1 |a природная вода 
610 1 |a качество 
610 1 |a лабораторные условия 
610 1 |a полевые условия 
610 1 |a определение качества 
610 1 |a пробы 
610 1 |a анализ 
610 1 |a оценка качества 
610 1 |a руководства 
675 |a 628.1(07)  |v 3 
700 1 |a Муравьев  |b А. Г.  |g Александр Григорьевич 
801 0 |a RU  |b 63413507  |c 20011209  |g PSBO 
801 2 |a RU  |b 63413507  |c 20160315  |g PSBO 
900 |a Машины, оборудование и приборы для природообустройства и контроля окружающей среды 
942 |c BK